Statistics for Countries Closest to Estonia by first two letters

Click here to take the quiz!

General Stats

  • This quiz has been taken 148 times
  • The average score is 17 of 20

Answer Stats

kmcountrymiles% Correct
150Sweden93
100%
0Russia0
98%
0Latvia0
97%
47Finland29
96%
152Lithuania95
95%
157Belarus98
94%
1283Belgium797
94%
636Germany395
92%
554Norway344
92%
396Poland246
91%
939Slovakia584
87%
1288Slovenia800
87%
622Ukraine386
87%
890Czechia553
82%
523Denmark325
77%
1041Hungary647
72%
1030Romania640
72%
1076Austria669
68%
1067Netherlands663
56%
1013Moldova629
52%

Score Distribution

Percentile by Number Answered

Percent of People with Each Score

Your Score History

You have not taken this quiz